<?xml version="1.0" encoding="UTF-8"?><?xml-stylesheet type="text/xsl" href="static/style.xsl"?><OAI-PMH xmlns="http://www.openarchives.org/OAI/2.0/" xmlns:xsi="http://www.w3.org/2001/XMLSchema-instance" xsi:schemaLocation="http://www.openarchives.org/OAI/2.0/ http://www.openarchives.org/OAI/2.0/OAI-PMH.xsd"><responseDate>2026-04-13T04:51:19Z</responseDate><request verb="GetRecord" identifier="oai:www.recercat.cat:2445/173574" metadataPrefix="marc">https://recercat.cat/oai/request</request><GetRecord><record><header><identifier>oai:recercat.cat:2445/173574</identifier><datestamp>2025-12-04T21:06:22Z</datestamp><setSpec>com_2072_1057</setSpec><setSpec>col_2072_478818</setSpec><setSpec>col_2072_478917</setSpec></header><metadata><record xmlns="http://www.loc.gov/MARC21/slim" xmlns:dcterms="http://purl.org/dc/terms/" xmlns:xsi="http://www.w3.org/2001/XMLSchema-instance" xmlns:doc="http://www.lyncode.com/xoai" xsi:schemaLocation="http://www.loc.gov/MARC21/slim http://www.loc.gov/standards/marcxml/schema/MARC21slim.xsd">
   <leader>00925njm 22002777a 4500</leader>
   <datafield ind2=" " ind1=" " tag="042">
      <subfield code="a">dc</subfield>
   </datafield>
   <datafield ind2=" " ind1=" " tag="720">
      <subfield code="a">Bastardas i Rufat, Maria Reina</subfield>
      <subfield code="e">author</subfield>
   </datafield>
   <datafield ind2=" " ind1=" " tag="720">
      <subfield code="a">Fontana, Joan, 1977-</subfield>
      <subfield code="e">author</subfield>
   </datafield>
   <datafield ind2=" " ind1=" " tag="720">
      <subfield code="a">Gargallo Gil, José Enrique</subfield>
      <subfield code="e">author</subfield>
   </datafield>
   <datafield ind2=" " ind1=" " tag="260">
      <subfield code="c">2021-02-01T13:14:10Z</subfield>
   </datafield>
   <datafield ind2=" " ind1=" " tag="260">
      <subfield code="c">2021-02-01T13:14:10Z</subfield>
   </datafield>
   <datafield ind2=" " ind1=" " tag="260">
      <subfield code="c">2020-10-30</subfield>
   </datafield>
   <datafield ind2=" " ind1=" " tag="260">
      <subfield code="c">2021-02-01T13:14:10Z</subfield>
   </datafield>
   <datafield ind2=" " ind1=" " tag="520">
      <subfield code="a">There are various types of weather and calendar proverbs in the Romance languages. Not only concerning their motivation, but also concerning their length. Among the proverbs referring to the months, some are very short, just two or three words, the so-called 'minimal proverbs', while others are quite long, and curiously defy any kind of mnemonics. Our corpus will be made up of the latter type: thirteen proverbs mentioning all the twelve months of the year, which represent five different Romance varieties; from west to east: Portuguese (1 proverb), Spanish (2), Catalan (5), Italian (4) and the Laziale Italian variant (1). We classify these formulae, which lie on the thresholds of what strictly might be considered proverbs, in two groups: proverbs without meteorological implication and meteorological proverbs. On the other hand, we classify the examples of the second group in four sections according to the characteristics that are attributed to one or several months: proverbs with a characteristic for several months, proverbs with a characteristic for each pair of months, proverbs with a characteristic for some of the months, and sayings attributing a different feature for each month. This corpus offers a glimpse to the way Romance peoples view the months and it reveals affinities in the form of paremic types (or 'paremiotypes'), which tell us about the popular culture shared by the peoples that are heirs of Rome.</subfield>
   </datafield>
   <datafield tag="653" ind2=" " ind1=" ">
      <subfield code="a">Proverbis romànics</subfield>
   </datafield>
   <datafield tag="653" ind2=" " ind1=" ">
      <subfield code="a">Meteorologia</subfield>
   </datafield>
   <datafield tag="653" ind2=" " ind1=" ">
      <subfield code="a">Mesos</subfield>
   </datafield>
   <datafield tag="653" ind2=" " ind1=" ">
      <subfield code="a">Romance proverbs</subfield>
   </datafield>
   <datafield tag="653" ind2=" " ind1=" ">
      <subfield code="a">Meteorology</subfield>
   </datafield>
   <datafield tag="653" ind2=" " ind1=" ">
      <subfield code="a">Months</subfield>
   </datafield>
   <datafield ind2="0" ind1="0" tag="245">
      <subfield code="a">Dictons romans avec les douze mois : la caractérisation parémique et mensuelle de l'année</subfield>
   </datafield>
</record></metadata></record></GetRecord></OAI-PMH>